Pressupostos /
Descripción Física:
v. : il·lustracions ; 30 cm
Materias:
Pressupostos locals
MARC
| LEADER | 00000nam a2200000Ia 4500 | ||
|---|---|---|---|
| 001 | 8601, 8602, 8603, 8604, 8605, 8037, 8038, 8777, 8964, 9447, 9448, 9740, 9741, 9764, 9765, 10461, 10462, 10873, 10874, 10785, 10786, 11293, 11294, 11605, 11606, 11844, 11845, 12056, 12475, 15335, 15456, 15457, 15996, 16717, 17207, 18523, 19656, 20892, 22322, 23074, 23434, 24609, 25049, 25050, 25051, 25052, 25053, 25128, 25736, 26167, 26333, 26410, 28036, 28385, 28879, 29281 | ||
| 003 | AGDB | ||
| 005 | 20260324181511.0 | ||
| 008 | 160829s1983 - xx 000 0 cat d | ||
| 040 | |a agdb |b cat | ||
| 110 | |a Barcelona (Catalunya : Província). | ||
| 245 | |a Pressupostos / |c Diputació de Barcelona | ||
| 260 | |a [Barcelona] : |b la Diputació, |c 1983- | ||
| 300 | |a v. : |b il·lustracions ; |c 30 cm | ||
| 590 | |a Continuació de Presupuesto general ordinario para el ejercicio de ... / Diputación Provincial de Barcelona. | ||
| 590 | |a Hi ha duplicats els anys 1983-1997, 1999-2003, 2005, 2007-2011, 2015-2016, 2020-2021 | ||
| 650 | 0 | |a Pressupostos locals |9 23015 | |
| 942 | |c ARXIU |2 udc |n 1 | ||
| 942 | |n 1 |2 udc |c ARXIU | ||
| 952 | |0 0 |1 0 |4 0 |6 PRESSUPOSTOS |7 1 |9 55140 |a Arxiu |b Arxiu |d 2016-12-01 |l 0 |o Pressupostos |p 8601, 8602, 8603, 86 |r 2016-12-01 00:00:00 |w 2016-12-01 |y ARXIU | ||
| 952 | |0 0 |1 0 |4 0 |7 1 |9 62139 |a Arxiu |b Arxiu |d 2022-06-01 |h 2016 |o PDL |p 25736 |r 2022-06-01 00:00:00 |w 2022-06-01 |y ARXIU | ||
| 952 | |0 0 |1 0 |4 0 |6 PRESSUPOSTOS |7 1 |9 62664 |a Arxiu |b Arxiu |d 2022-07-05 |h 2019 |o Pressupostos |p 26167 |r 2022-07-05 00:00:00 |w 2022-07-05 |y ARXIU | ||
| 952 | |0 0 |1 0 |4 0 |6 PDL |7 1 |9 62677 |a Arxiu |b Arxiu |d 2022-07-05 |h 2017 |l 0 |o PDL |p 26169 |r 2022-07-05 00:00:00 |w 2022-07-05 |y ARXIU | ||
| 952 | |0 0 |1 0 |4 0 |6 PRESSUPOSTOS |7 1 |9 63099 |a Arxiu |b Arxiu |d 2022-07-25 |h 2018 |l 0 |o Pressupostos |p 26333 |r 2022-07-25 00:00:00 |w 2022-07-25 |y ARXIU | ||
| 952 | |0 0 |1 0 |4 0 |7 1 |9 63344 |a Arxiu |b Arxiu |d 2022-08-08 |h 2022 |o Pressupostos |p 26410 |r 2022-08-08 00:00:00 |w 2022-08-08 |y ARXIU | ||
| 952 | |0 0 |1 0 |4 0 |6 PDL |7 1 |9 63414 |a Arxiu |b Arxiu |d 2022-08-12 |h 2020 |l 0 |o PDL |p 25694 |r 2022-08-12 00:00:00 |w 2022-08-12 |y ARXIU | ||
| 952 | |0 0 |1 0 |4 0 |6 PDL |7 1 |9 63415 |a Arxiu |b Arxiu |d 2022-08-12 |h 2021 |l 0 |o PDL |p 25695 |r 2022-08-12 00:00:00 |w 2022-08-12 |y ARXIU | ||
| 952 | |0 0 |1 0 |2 udc |4 0 |6 PDL |7 1 |9 63967 |a Arxiu |b Arxiu |d 2022-10-11 |h 2022 |o PDL |p 26853 |r 2022-10-11 00:00:00 |w 2022-10-11 |y ARXIU | ||
| 952 | |0 0 |1 0 |2 udc |4 0 |6 PRESSUPOSTOS |7 1 |9 66484 |a Arxiu |b Arxiu |d 2023-06-12 |h 2023 |l 0 |o Pressupostos |p 28036 |r 2023-06-12 00:00:00 |w 2023-06-12 |y ARXIU | ||
| 952 | |0 0 |1 0 |2 udc |4 0 |7 1 |9 95914 |a Arxiu |b Arxiu |d 2023-07-05 |h 2023 |o PDL |p 28068 |r 2023-07-05 00:00:00 |w 2023-07-05 |y ARXIU | ||
| 952 | |0 0 |1 0 |4 0 |6 PRESSUPOSTOS |7 1 |9 96672 |a Arxiu |b Arxiu |d 2024-02-05 |h 2024 |l 0 |o Pressupostos |p 28385 |r 2024-02-05 00:00:00 |w 2024-02-05 |y ARXIU | ||
| 952 | |0 0 |1 0 |2 udc |4 0 |6 PDL |7 1 |9 96932 |a Arxiu |b Arxiu |d 2024-04-08 |h 2024 |l 0 |o PDL |p 28479 |r 2024-04-08 00:00:00 |w 2024-04-08 |y ARXIU | ||
| 952 | |0 0 |1 0 |4 0 |6 PRESSUPOSTOS |7 1 |9 98128 |a Arxiu |b Arxiu |d 2025-06-02 |h 2025 |l 0 |o Pressupostos |p 28879 |r 2025-06-02 00:00:00 |w 2025-06-02 |y ARXIU | ||
| 952 | |0 0 |1 0 |2 udc |4 0 |6 PDL |7 1 |9 98656 |a Arxiu |b Arxiu |d 2025-11-17 |h 2024 |l 0 |o PDL |p 29044 |r 2025-11-17 12:51:53 |w 2025-11-17 |y ARXIU | ||
| 952 | |0 0 |1 0 |2 udc |4 0 |6 PDL |7 1 |9 98729 |a Arxiu |b Arxiu |d 2025-12-02 |l 0 |o PDL |p 29082 |r 2025-12-02 10:37:51 |w 2025-12-02 |y ARXIU | ||
| 952 | |0 0 |1 0 |4 0 |6 PRESSUPOSTOS |7 1 |9 99010 |a Arxiu |b Arxiu |d 2026-01-27 |h 2026 |l 0 |o Pressupostos |p 29281 |r 2026-01-27 08:07:37 |w 2026-01-27 |y ARXIU | ||
| 999 | |c 59012 |d 59012 | ||